| 000 | 00787nam a22002175i 4500 | ||
|---|---|---|---|
| 001 | 170533 | ||
| 003 | ES-MaACL | ||
| 005 | 20260301175640.0 | ||
| 008 | 090312s1924 ag |||| | spa d | ||
| 080 | _a821.13.1 Alfieri, Vittorio 7 Filippo.06 | ||
| 100 | 0 |
_aCorti, Alfonso. _9139629 |
|
| 245 | 1 | 3 |
_aEl "Filippo" de Alfieri en Buenos Aires / _cpor Alfonso Corti. |
| 260 |
_aBuenos Aires : _bInstituto de Literatura Argentina, _c1924. |
||
| 300 |
_aP. [27]-66 ; _c23 cm. |
||
| 490 | 1 |
_aSección crítica. ; _vT.I, nº 2 |
|
| 600 | 1 | 4 |
_aAlfieri, Vittorio, _d1749-1803 _919840 |
| 710 | 2 |
_aUniversidad de Buenos Aires. _bInstituto de Literatura Argentina. _9139614 |
|
| 830 | 0 |
_aSección crítica. ; _vT.I, nº 2 _9188947 |
|
| 852 |
_aES-MaACL _jC-8234(2) |
||
| 999 |
_c170533 _d170533 |
||